书目信息 |
| 题名: |
列宁最后的书信和文章
|
|
| 作者: | ;中共中央马克思恩格斯列宁斯大林著作编译局 编 | |
| 分册: | ||
| 出版信息: | 北京 人民出版社 2001.04 |
|
| 页数: | 87页 | |
| 开本: | 32开 | |
| 丛书名: | 马克思列宁主义文库 | |
| 单 册: | ||
| 中图分类: | A23 | |
| 科图分类: | ||
| 主题词: | 列宁著作--书信集 , 列宁著作--函电 , 列宁著作--日记 , 列宁著作--谈话 | |
| 电子资源: | ||
| ISBN: | 7-01-001003-X | |
| 000 | 00879nam0 2200265 45 | |
| 001 | 0303111063 | |
| 005 | 20031219104106.7 | |
| 010 | @a7-01-001003-X@dCNY6.00 | |
| 100 | @a20030311d2001 km y0chiy0120 ea | |
| 101 | 0 | @achi |
| 105 | @a z 000yy | |
| 200 | 1 | @a列宁最后的书信和文章@ALie Ning Zui Hou De Shu Xin He Wen Zhang@f中共中央马克思恩格斯列宁斯大林著作编译局编@FZhong Gong Zhong Yang Ma Ke Si En Ge Si Lie Ning Si Da Lin Zhu Zuo Bian Yi Ju Bian |
| 205 | @a3版 | |
| 210 | @a北京@c人民出版社@d2001.04 | |
| 215 | @a87页@d32开 | |
| 225 | @a马克思列宁主义文库 | |
| 410 | @12001 @a马克思列宁主义文库 | |
| 606 | 0 | @a列宁著作@x书信集 |
| 606 | 0 | @a列宁著作@x函电 |
| 606 | 0 | @a列宁著作@x日记 |
| 606 | 0 | @a列宁著作@x谈话 |
| 690 | @aA23@v4 | |
| 711 | 02 | @a中共中央马克思恩格斯列宁斯大林著作编译局@4编 |
| 801 | @aCN@bTSTC@c20030311 | |
| 905 | @b320960-964@dA23@e32=3@f5 | |
| 列宁最后的书信和文章/中共中央马克思恩格斯列宁斯大林著作编译局编.-3版.-北京:人民出版社,2001.04 |
| 87页;32开.-(马克思列宁主义文库) |
| ISBN 7-01-001003-X:CNY6.00 |
| ● |
| 相关链接 |
|
|
|
|
正题名:列宁最后的书信和文章
索取号:A23/32=3
 
预约/预借
| 序号 | 登录号 | 条形码 | 馆藏地/架位号 | 状态 | 备注 |
| 1 | 0320960 | 203209606 | 第一借阅区/ [索取号:A23/32=3] | 在馆 | |
| 2 | 0320961 | 203209615 | 第一借阅区/ [索取号:A23/32=3] | 在馆 | |
| 3 | 0320962 | 203209624 | 第一借阅区/ [索取号:A23/32=3] | 在馆 | |
| 4 | 0320963 | 203209633 | 第一借阅区/ [索取号:A23/32=3] | 在馆 | |
| 5 | 0320964 | 203209642 | 第一样本阅览室/ [索取号:A23/32=3] | 在馆 |